000 00875cab a2200265 4500
001 WB2906-35
008 090401t1993 xxu||||| |||| 00| 0 eng d
035 _a(Sirsi) u48607
041 _aeng
245 _aHoming in on housing associations
260 _c1993
350 _a0
490 _aIndependent
_v11 February 1993, 22(1)
520 _aWhilst recognising that the voluntary transfer of municipal housing is popular for smaller local authorities, this article considers the pros and cons for large inner-city metropolitan authorities
650 _aBROMLEY LBC
650 _aBROOMLEIGH HOUSING ASSOCIATION
650 _aHOUSING STOCK
650 _aLOCAL AUTHORITIES
650 _aTRANSFER
650 _aVOLUNTARY TRANSFER HOUSING ASSOCIATIONS
650 _aVOLUNTARY TRANSFER
690 _aBlock management
_96220
942 _n0
948 _c04/03/1997
999 _c30533
_d30533